| Tag |
First Indicator |
Second Indicator |
Subfields |
| LEADER |
00000cam a2200000 a 4500 |
| 001 |
in00001408044 |
| 005 |
20151020070153.0 |
| 008 |
951218s1996 nyua j 000 1 eng |
| 010 |
|
|
|a 95053103
|
| 020 |
|
|
|a 0688134572 (trade)
|
| 020 |
|
|
|a 0688135374 (le)
|
| 035 |
|
|
|a (OCoLC)33983166
|
| 035 |
|
|
|9 AHP8425AM
|
| 040 |
|
|
|a DLC
|c DLC
|d UtOrBLW
|
| 049 |
|
|
|a TXAG
|
| 050 |
0 |
0 |
|a PZ7.J6478
|b Wag 1996
|
| 082 |
0 |
0 |
|a [E]
|2 20
|
| 100 |
1 |
|
|a Johnston, Tony,
|d 1942-
|
| 245 |
1 |
4 |
|a The wagon /
|c by Tony Johnston ; paintings by James E. Ransome.
|
| 250 |
|
|
|a 1st ed.
|
| 264 |
|
1 |
|a New York :
|b Tambourine Books,
|c [1996]
|
| 264 |
|
4 |
|c ©1996
|
| 300 |
|
|
|a 1 volume (unpaged) :
|b color illustrations ;
|c 24 x 28 cm.
|
| 336 |
|
|
|a text
|b txt
|2 rdacontent
|
| 337 |
|
|
|a unmediated
|b n
|2 rdamedia
|
| 338 |
|
|
|a volume
|b nc
|2 rdacarrier
|
| 520 |
|
|
|a A young boy is sustained by his family as he endures the difficulties of being a slave, but when he finally gains his freedom, his joy is tempered by the death of President Lincoln.
|
| 650 |
|
1 |
|a Slavery
|x Fiction.
|
| 650 |
|
1 |
|a African Americans
|v Fiction.
|
| 700 |
1 |
|
|a Ransome, James,
|e illustrator.
|
| 999 |
|
|
|a MARS
|
| 999 |
f |
f |
|s ae513084-cb32-32a5-9560-54913662ac7b
|i e491f6db-fd89-3d65-8ea7-4ec6e411636f
|t 0
|
| 952 |
f |
f |
|p normal
|a Texas A&M University
|b College Station
|c Sterling C. Evans Library
|d Evans: Curriculum Collection (4th floor)
|t 0
|e PZ7.J6478 Wag 1996
|h Library of Congress classification
|i unmediated -- volume
|m A14822246263
|
| 998 |
f |
f |
|a PZ7.J6478 Wag 1996
|t 0
|l Evans: Curriculum Collection (4th floor)
|